|
|
|
|
| LEADER |
00000cas a2200000 a 4500 |
| 001 |
vtls010298330 |
| 003 |
SK-MaSNL |
| 005 |
20260228162931.0 |
| 008 |
200401d19191929xo mr|p 0 b0slo |
| 040 |
|
|
|a SNK
|b slo
|c SNK
|e AACR2
|
| 041 |
0 |
|
|a slo
|
| 044 |
|
|
|a xo
|c SK
|
| 072 |
|
|
|a 316.3
|x Globálne spoločnosti. Sociálna štruktúra. Sociálne skupiny
|2 konspekt
|
| 072 |
|
|
|a 82
|x Literatúra. Literárny život
|2 konspekt
|
| 080 |
|
|
|a 82-93
|2 2001
|
| 080 |
|
|
|a 050
|2 2001
|
| 080 |
|
|
|a 82
|2 2001
|
| 080 |
|
|
|a 316.346.32-053.2
|
| 245 |
0 |
0 |
|a Oriešky
|b časopis pre deti
|
| 260 |
|
|
|a Ružomberok
|b Ján Párička
|c 1919-1929
|
| 260 |
3 |
|
|3 8/1927-1929
|a Ružomberok
|b Ján Párička a syn
|
| 300 |
|
|
|a 10 roč.
|c 23 cm
|
| 310 |
|
|
|a 1x mesačne
|
| 362 |
0 |
|
|a Roč. I, č. 1 (nov. 1919)-roč. X, č. 10 (jún 1929)
|
| 500 |
|
|
|a Vyd. a nakl. Kníhtlačiareň Jána Páričku
|
| 500 |
|
|
|a Tlač. Kníhtlačiareň Jána Páričku; od 8/VIII (apr. 1927) Ján Párička a syn
|
| 650 |
0 |
7 |
|a literatúra
|2 SNKPH
|9 1427
|
| 650 |
0 |
7 |
|a deti
|2 SNKPH
|9 773
|
| 655 |
|
7 |
|a časopisy pre deti
|2 SNKPH
|9 114921
|
| 910 |
|
|
|a snk
|
| 916 |
|
|
|a 1919-1929
|
| 999 |
|
|
|c 8591
|d 10521
|
| 952 |
|
|
|0 0
|1 0
|4 0
|7 0
|a SNK
|b SNK
|d 1997-05-05
|f 1
|i snkČSF 46/58
|l 0
|o snkČSC 159/5/1923-1924
|p 17A0061540
|r 2005-01-02 00:00:00
|t č. 1-10
|w 2026-02-21
|y PREZ
|
| 952 |
|
|
|0 0
|1 0
|4 0
|7 0
|a SNK
|b SNK
|d 1997-05-05
|f 1
|i snk197/29
|l 0
|o snkČSC 159/4/1922-1923
|p 17A0064424
|r 2005-01-02 00:00:00
|t č. 1-10
|w 2026-02-21
|y PREZ
|
| 952 |
|
|
|0 0
|1 0
|4 0
|7 0
|a SNK
|b SNK
|d 2002-02-19
|l 0
|o snkČSC 159/4/1922-1923 D1
|p 17A0333791
|r 2005-01-02 00:00:00
|t č. 1-10
|w 2026-02-21
|y PREZ
|
| 952 |
|
|
|0 0
|1 0
|4 0
|7 0
|8 5
|a SNK
|b SNK
|d 1998-10-07
|f 1
|i snkF 2897
|l 0
|o snkČSC 159/2/1920-1921
|p 17A0164839
|r 2005-01-02 00:00:00
|t č. 1-10
|w 2026-02-21
|y PREZ
|
| 952 |
|
|
|0 0
|1 0
|4 0
|7 0
|8 3
|a SNK
|b SNK
|d 1997-07-29
|f 1
|i snkK 1599/77
|l 0
|o snkČSC 159/10/1928-1929
|p 17A0086819
|r 2005-01-02 00:00:00
|t č. 1-10
|w 2026-02-21
|y PREZ
|
| 952 |
|
|
|0 0
|1 0
|4 0
|7 0
|a SNK
|b SNK
|d 1997-07-29
|f 1
|l 0
|o snkČSC 159/9/1927-1928
|p 17A0086671
|r 2005-01-02 00:00:00
|t č. 1-10
|w 2026-02-21
|y PREZ
|
| 952 |
|
|
|0 0
|1 0
|4 0
|7 0
|a SNK
|b SNK
|d 2000-10-28
|l 0
|o snkČSC 159/9/1927-1928 D1
|p 17A0152296
|r 2005-01-02 00:00:00
|w 2026-02-21
|y PREZ
|
| 952 |
|
|
|0 0
|1 0
|4 0
|7 0
|a SNK
|b SNK
|d 1997-07-29
|i snk141/29
|l 0
|o snkČSC 159/8/1926-1927 D1
|p 17A0736479
|r 2005-01-02 00:00:00
|t č. 1-10
|w 2026-02-21
|y PREZ
|
| 952 |
|
|
|0 0
|1 0
|4 0
|7 0
|a SNK
|b SNK
|d 2000-10-28
|l 0
|o snkČSC 159/7/1925-1926 D1
|p 17A0152292
|r 2005-01-02 00:00:00
|t č. 1-10
|w 2026-02-21
|y PREZ
|
| 952 |
|
|
|0 0
|1 0
|4 0
|7 0
|a SNK
|b SNK
|d 2000-10-28
|l 0
|o snkČSC 159/7/1925-1926 D2
|p 17A0152293
|r 2005-01-02 00:00:00
|w 2026-02-21
|y PREZ
|
| 952 |
|
|
|0 0
|1 0
|4 0
|7 0
|8 5
|a SNK
|b SNK
|d 1997-07-29
|f 1
|i snkČSF 47/58
|l 0
|o snkČSC 159/6/1924-1925
|p 17A0086971
|r 2005-01-02 00:00:00
|t č. 1-10
|w 2026-02-21
|y PREZ
|
| 952 |
|
|
|0 0
|1 0
|4 0
|7 0
|a SNK
|b SNK
|d 1997-07-29
|f 1
|i snk136/29
|l 0
|o snkČSC 159/3/1921-1922
|p 17A0086967
|r 2005-01-02 00:00:00
|t č. 1-10
|w 2026-02-21
|y PREZ
|
| 952 |
|
|
|0 0
|1 0
|4 0
|7 0
|a SNK
|b SNK
|d 1997-07-29
|l 0
|o snkČSC 159/2/1920-1921 D1
|p 17A0086920
|r 2005-01-02 00:00:00
|t č. 1-10
|w 2026-02-21
|y PREZ
|
| 952 |
|
|
|0 0
|1 0
|4 0
|7 0
|8 3
|a SNK
|b SNK
|d 1997-07-29
|f 1
|i snkK 1446/77
|l 0
|o snkČSC 159/1/1919-1920
|p 17A0086900
|r 2005-01-02 00:00:00
|t č. 1-10
|w 2026-02-21
|y PREZ
|
| 952 |
|
|
|0 0
|1 0
|4 0
|7 0
|8 5
|a SNK
|b SNK
|d 2012-06-29
|i snkF 3951/88
|l 0
|o snkČSC 159/1/1919-1920 D1
|p 17A0888450
|r 2026-02-21 20:30:11
|t č. 1-10
|w 2026-02-21
|y PREZ
|
| 952 |
|
|
|0 0
|1 0
|4 0
|7 0
|a SNK
|b SNK
|d 2014-08-06
|f 1
|i snk140/29
|l 0
|o snkČSC 159/7/1925-1926
|p 17A0086676
|r 2026-02-21 21:33:25
|t č. 1-10
|w 2026-02-21
|y PREZ
|
| 952 |
|
|
|0 0
|1 0
|4 0
|7 0
|a SNK
|b SNK
|d 2014-08-06
|f 1
|i snkK 1597/77
|l 0
|o snkČSC 159/8/1926-1927
|p 17A0086669
|r 2026-02-21 21:33:25
|t č. 1-10
|w 2026-02-21
|y PREZ
|